000
00288nam a22001337a 4500
082
_a
425
_b
SCO/M
100
_a
SCOTT, A. F
100
_a
AGGARWALA,N. K
245
_a
NEW HORIZONS
260
_a
MADRAS
_b
MACMILLAN INDIA LIMITED
300
_a
50
650
_a
VOCABULARY
_z
INDIA
942
_c
BK
999
_c
3948
_d
3948